000 01522cam a22003734a 4500
001 4982543
003 ARRUPE
005 20160816112256.0
008 981202s1999 mnuab b 001 0 eng
010 _a 98050392
020 _a0800630092 (alk. paper)
040 _aDLC
_cDLC
_dDLC
041 1 _aeng
_hger
042 _apcc
043 _amm-----
050 0 0 _aBR165
_b.S79513 1999
082 0 0 _a270.1
_221
100 1 _aStegemann, Ekkehard.
_925088
240 1 0 _aUrchristliche Sozialgeschichte.
_lEnglish
245 1 4 _aThe Jesus movement :
_ba social history of its first century /
_cEkkehard W. Stegemann, Wolfgang Stegemann ; translated by O.C. Dean, Jr.
250 _a1st English-language ed.
260 _aMinneapolis, MN :
_bFortress Press,
_c1999.
300 _axix, 532 p. :
_bill., map ;
_c24 cm.
504 _aIncludes bibliographical references (p. 475-516) and index.
650 0 _aChristian sociology
_xHistory
_yEarly church, ca. 30-600.
_925089
650 0 _aJewish sociology
_xHistory.
_925090
650 0 _aWomen in Christianity
_xHistory
_yEarly church, ca. 30-600.
_925091
651 0 _aMediterranean Region
_xSocial conditions.
_925092
700 1 _aStegemann, Wolfgang,
_d1945-
_915095
906 _a7
_bcbc
_corignew
_d1
_eocip
_f19
_gy-gencatlg
942 _2lcc
_cMONOGRAPH
999 _c125022
_d125022